000 01239nam a2200325 a 4500
005 20260112063238.0
020 _a0821363123 (pbk.)
039 _a200908110610
_bstaff
_y 200908110607
_z staff
050 _a307.14120954
_bALS
082 _a307.14120954
_bALS
100 _aAlsop, Ruth.
245 _aLocal organizations in decentralized development :
_btheir functions and performance in India /
_cRuth Alsop, Bryan Kurey.
260 _aWashington, DC :
_bWorld Bank,
_c2005.
300 _axii, 167 p. ;
_c23 cm.
490 _aDirections in development
504 _aIncludes bibliographical references (p. 87-90) and index.
650 _aRural development
_z India.
650 _aCommunity organization
_z India.
650 _aOrganizational effectiveness.
650 _aDecentralization in management
_z India.
650 _aRural women
_z India.
650 _aWater-supply, Rural
_z India.
650 _aWatershed management
_z India.
700 _aKurey, Bryan.
710 _aWorld Bank.
830 _aDirections in development (Washington, D.C.)
991 _aVIRTUA40
991 _aVTLSSORT0080*0200*0500*0820*1000*2450*2600*3000*4900*5040*6500*6501*6502*6503*6504*6505*6506*7000*7100*8300*9991
909 _a1507
999 _c1488
_d1488